[Event "17th Unive Open 2013"]
[Site "Hoogeveen NED"]
[Date "2013.10.20"]
[Round "3.11"]
[White "Vogel, Jaap"]
[Black "Rooze, Jan"]
[Result "1/2-1/2"]
[WhiteTitle "FM"]
[BlackTitle "FM"]
[WhiteElo "2180"]
[BlackElo "2355"]
[WhiteFideId "1000764"]
[BlackFideId "200050"]
[EventDate "2013.10.18"]

1. d4 Nf6 2. Nf3 c5 3. d5 b5 4. Bg5 Ne4 5. Bf4 Bb7 6. c4 bxc4 7. Nc3 Qa5 8. Bd2
Nxd2 9. Nxd2 g6 10. Nxc4 Qb4 11. e4 Bg7 12. Qc2 Ba6 13. a3 Qb7 14. Be2 O-O 15.
O-O d6 16. f4 Bxc4 17. Bxc4 Nd7 18. Kh1 Rab8 19. Rab1 Nb6 20. Be2 Na8 21. Bc4
Qd7 22. Rbe1 Nc7 23. e5 a6 24. a4 Rb6 25. b3 Qf5 26. Qe2 Qc8 27. Qf3 Qd7 28. Re2
Rbb8 29. Rfe1 Rbe8 30. h3 1/2-1/2

[Event "17th Unive Open 2013"]
[Site "Hoogeveen NED"]
[Date "2013.10.20"]
[Round "3.13"]
[White "Slingerland, Fred"]
[Black "Dijkhuis, Sven"]
[Result "1-0"]
[WhiteTitle "IM"]
[WhiteElo "2345"]
[BlackElo "1921"]
[WhiteFideId "1002473"]
[BlackFideId "1036556"]
[EventDate "2013.10.18"]

1. e4 c5 2. Nf3 e6 3. d4 cxd4 4. Nxd4 Nf6 5. Nc3 d6 6. Be2 Be7 7. O-O O-O 8. f4
Nc6 9. Be3 a6 10. Kh1 Qc7 11. Qe1 Nxd4 12. Bxd4 b5 13. a3 Bb7 14. Qg3 Rad8 15.
Rad1 Rd7 16. Bf3 Re8 17. Rd3 Qd8 18. Rfd1 g6 19. Qf2 Qb8 20. Bxf6 Bxf6 21. e5
Bxf3 22. Rxf3 Be7 23. Ne4 d5 24. Nf6+ Bxf6 25. exf6 Qd8 26. Qh4 h5 27. Rdf1 d4
28. h3 Rd6 29. Re1 Rd5 30. Re5 d3 31. cxd3 Rxd3 32. Rxh5 1-0

[Event "17th Unive Open 2013"]
[Site "Hoogeveen NED"]
[Date "2013.10.20"]
[Round "3.14"]
[White "Pancevski, Filip"]
[Black "Schoehuijs, Erik"]
[Result "0-1"]
[WhiteTitle "IM"]
[WhiteElo "2493"]
[BlackElo "2184"]
[WhiteFideId "15002187"]
[BlackFideId "1004425"]
[EventDate "2013.10.18"]

1. e4 e5 2. Nf3 d6 3. Bc4 Nf6 4. Ng5 d5 5. exd5 h6 6. Nf3 e4 7. Qe2 Bb4 8. Nd4
O-O 9. Nc3 Bc5 10. Nb3 Bg4 11. Qf1 Bb6 12. d4 exd3 13. Qxd3 Re8+ 14. Be3 Nbd7
15. Qd2 Ne5 16. Bb5 Qd6 17. O-O Bxe3 18. fxe3 Re7 19. h3 Bd7 20. Bxd7 Rxd7 21.
Rad1 Re8 22. Qd4 Rde7 23. Nb5 Qa6 24. Nc3 Ned7 25. Rde1 Ne4 26. Ne2 Ndf6 27. Nf4
Ng3 28. Rf3 Nf5 29. Qc5 Ne4 30. Qa5 Ng5 31. Rf2 Qd6 32. Qxa7 Ne4 33. Rff1 Neg3
34. Rf3 g5 35. Nd3 Nh4 36. Qc5 Nxf3+ 37. gxf3 Qf6 38. f4 gxf4 39. Nxf4 Qxb2 40.
Kh2 Ne4 41. Qc4 Qc3 42. Qf1 Nf6 43. Nd3 Qxc2+ 44. Re2 Ng4+ 0-1

[Event "17th Unive Open 2013"]
[Site "Hoogeveen NED"]
[Date "2013.10.20"]
[Round "3.15"]
[White "Hendriks, Willy"]
[Black "Lee, Kai Jie Edward"]
[Result "1-0"]
[WhiteTitle "IM"]
[WhiteElo "2407"]
[BlackElo "2164"]
[WhiteFideId "1000713"]
[BlackFideId "5802920"]
[EventDate "2013.10.18"]

1. e4 c5 2. Nf3 e6 3. c3 d5 4. e5 d4 5. g3 Nc6 6. Bg2 g5 7. h3 Bg7 8. d3 Nxe5 9.
Nxe5 Bxe5 10. O-O Bg7 11. cxd4 Bxd4 12. Nc3 h6 13. Ne2 Bg7 14. Be3 Bd7 15. Bxc5
Bc6 16. Bxc6+ bxc6 17. Qa4 Qd7 18. Rfe1 Qd5 19. d4 Nf6 20. Nc3 Qd7 21. Rad1 Bf8
22. Qa3 Bxc5 23. dxc5 Nd5 24. Ne4 Ke7 25. Qf3 Qe8 26. Nd6 Qf8 27. Rd3 a5 28. Rb3
Ra7 29. Qe4 Kd7 30. Qe5 Rg8 31. Nxf7 Qe7 32. Nxh6 Rf8 33. Ng4 Rf5 34. Qb8 Qxc5
35. Ne5+ Rxe5 36. Qxe5 Qe7 37. Rb8 Qf7 38. Rh8 Rb7 39. Rh6 Nc7 40. Qh8 Kd6 41.
Rh7 1-0

[Event "17th Unive Open 2013"]
[Site "Hoogeveen NED"]
[Date "2013.10.20"]
[Round "3.17"]
[White "Van Foreest, Lucas"]
[Black "Berkovich, Mark A"]
[Result "1/2-1/2"]
[BlackTitle "IM"]
[WhiteElo "2122"]
[BlackElo "2372"]
[WhiteFideId "1039792"]
[BlackFideId "2801639"]
[EventDate "2013.10.18"]

1. e4 c6 2. c4 d5 3. exd5 cxd5 4. d4 Nf6 5. Nf3 g6 6. Nc3 Bg7 7. cxd5 Nxd5 8.
Bc4 Nb6 9. Bb3 Nc6 10. Be3 O-O 11. h3 Na5 12. Bc2 Nac4 13. Rb1 Qc7 14. O-O Nxb2
15. Nb5 Nxd1 16. Nxc7 Nxe3 17. fxe3 Rb8 18. Bb3 Bf5 19. Rbc1 Rbc8 20. Rc3 Bf6
21. a4 Be4 22. a5 Na8 23. Rfc1 Nxc7 24. Rxc7 Rxc7 25. Rxc7 Rb8 26. Nd2 Bd3 27.
Rc3 Bf5 28. Rc7 a6 29. g4 Bd3 30. Nc4 Bxc4 31. Bxc4 b6 32. axb6 Rxb6 33. Ra7 Bg5
34. Kf2 Rb4 35. Bd3 e6 36. Rxa6 Rb3 37. Ke2 Rb2+ 38. Kf3 Rh2 39. Bf1 Rc2 40. Bd3
Rc3 41. Ke2 Rc1 42. Ra5 h6 43. Be4 Kg7 44. Rc5 Rg1 45. Kf2 Ra1 46. Ke2 Ra3 47.
Bd3 Ra1 48. Be4 f5 49. gxf5 gxf5 50. Bd3 Rh1 51. Re5 Rh2+ 52. Kf3 Rxh3+ 53. Kg2
Rxe3 54. Rxe3 Bxe3 55. d5 exd5 56. Bxf5 1/2-1/2

[Event "17th Unive Open 2013"]
[Site "Hoogeveen NED"]
[Date "2013.10.20"]
[Round "3.18"]
[White "Lessmann, Francis"]
[Black "Hopman, Pieter"]
[Result "0-1"]
[BlackTitle "FM"]
[WhiteElo "2109"]
[BlackElo "2338"]
[WhiteFideId "1001949"]
[BlackFideId "1005669"]
[EventDate "2013.10.18"]

1. d4 Nf6 2. c4 e6 3. Nf3 Bb4+ 4. Nbd2 O-O 5. a3 Bxd2+ 6. Qxd2 b6 7. e3 Bb7 8.
Bd3 d6 9. b3 Nbd7 10. Bb2 Qe7 11. O-O Rfe8 12. Qc2 e5 13. Nd2 e4 14. Be2 h5 15.
Rae1 h4 16. f4 c6 17. f5 h3 18. gxh3 Rac8 19. Rf4 d5 20. Kh1 Red8 21. Rg1 Ne8
22. Qd1 Ndf6 23. h4 Kh8 24. Qe1 Ng8 25. Qg3 Qf6 26. Ba1 Qh6 27. Rg4 Qh7 28. Rg5
Rd6 29. Bg4 Rcd8 30. Bh5 Nh6 31. Qf4 Bc8 32. Bg4 Rf6 33. Qe5 Rfd6 34. Qf4 Nxg4
35. R1xg4 Rf6 36. Qe5 Bxf5 37. Qe7 Rc8 38. Qf8+ Qg8 39. Rh5+ Bh7 40. Qe7 Re6 41.
Qxa7 Nf6 42. Rhg5 Nxg4 43. Rxg4 Ra8 44. Qxb6 Rxa3 45. Bc3 Ra2 46. Qc5 Rc2 47.
cxd5 cxd5 48. Rg5 f5 49. Nb1 Rh6 50. Rg2 Rc1+ 51. Rg1 Rxg1+ 52. Kxg1 f4 53. Bb4
fxe3 54. Nc3 Qe6 55. Qf8+ Bg8 56. Ne2 Rf6 57. Qb8 Qg4+ 0-1

[Event "17th Unive Open 2013"]
[Site "Hoogeveen NED"]
[Date "2013.10.20"]
[Round "3.19"]
[White "Bezemer, Arno"]
[Black "Zepeda, Lorena"]
[Result "1-0"]
[WhiteTitle "FM"]
[BlackTitle "WIM"]
[WhiteElo "2327"]
[BlackElo "2156"]
[WhiteFideId "1001396"]
[BlackFideId "6700233"]
[EventDate "2013.10.18"]

1. d4 Nf6 2. c4 g6 3. f3 Bg7 4. e4 d6 5. Nc3 O-O 6. Be3 c6 7. Bd3 a6 8. a4 a5 9.
Qd2 e5 10. Nge2 Na6 11. Rd1 exd4 12. Nxd4 Nd7 13. O-O Nac5 14. Bc2 Qb6 15. b3
Ne5 16. Kh1 Re8 17. h3 f6 18. Qf2 Qc7 19. Qg3 Qe7 20. f4 Nf7 21. Rde1 Bd7 22. h4
Kh8 23. Qh2 Bg4 24. h5 gxh5 25. Nf5 Qf8 26. Qh4 Ne6 27. Bd1 Nh6 28. Bxg4 hxg4
29. Nxh6 Bxh6 30. Qxg4 Qg8 31. Qh3 Bg7 32. f5 Ng5 33. Qh4 Qf8 34. Rf3 Nf7 35.
Rh3 h6 36. Ne2 Ng5 37. Nf4 Kg8 38. Ng6 Qf7 39. Bxg5 fxg5 40. Qf2 Rab8 41. Rd3
Be5 42. Nxe5 dxe5 43. Red1 b5 44. Rd6 Qh5+ 45. Kg1 bxa4 46. Rg6+ Kf8 47. Rd7 Re7
48. Qc5 Re8 49. Qd6 1-0

[Event "17th Unive Open 2013"]
[Site "Hoogeveen NED"]
[Date "2013.10.20"]
[Round "3.20"]
[White "Beerdsen, Thomas"]
[Black "Van Foreest, Jorden"]
[Result "1/2-1/2"]
[WhiteElo "2106"]
[BlackElo "2310"]
[WhiteFideId "1030108"]
[BlackFideId "1039784"]
[EventDate "2013.10.18"]

1. e4 e5 2. Nf3 Nc6 3. Bb5 Nf6 4. d3 Bc5 5. c3 d6 6. h3 a6 7. Ba4 b5 8. Bb3 Be6
9. Bg5 h6 10. Bxe6 fxe6 11. Be3 O-O 12. O-O Qe8 13. d4 Ba7 14. Nbd2 Qg6 15. dxe5
Bxe3 16. exf6 Bxd2 17. Nxd2 Qxf6 18. a4 b4 19. Rc1 Rf7 20. Nf3 Rb8 21. Qe2 bxc3
22. Rxc3 Nd4 23. Qxa6 Rxb2 24. Re3 e5 25. Nxd4 exd4 26. Rf3 Qe6 27. Rxf7 Qxf7
28. a5 Ra2 29. Qb5 c5 30. a6 Kh7 31. e5 dxe5 32. Qxc5 Qf5 33. Qc4 Ra3 34. f4 d3
35. fxe5 Qxe5 36. Rd1 Qe2 37. Qg4 Qe5 38. Qc4 Rc3 39. Qg4 d2 40. Rxd2 Qe1+ 41.
Kh2 Qxd2 42. Qe4+ Kg8 43. Qe8+ 1/2-1/2

[Event "17th Unive Open 2013"]
[Site "Hoogeveen NED"]
[Date "2013.10.20"]
[Round "3.21"]
[White "Englert, Fabian"]
[Black "Brookes, Christopher"]
[Result "1/2-1/2"]
[WhiteElo "2290"]
[BlackElo "2136"]
[WhiteFideId "24614467"]
[BlackFideId "4669355"]
[EventDate "2013.10.18"]

1. d4 g6 2. Nf3 Nf6 3. c4 Bg7 4. Nc3 d5 5. cxd5 Nxd5 6. Bd2 Nb6 7. Bg5 O-O 8. e3
Bf5 9. Be2 Nc6 10. O-O Qd7 11. Rc1 e5 12. dxe5 Nxe5 13. Nxe5 Qxd1 14. Rfxd1 Bxe5
15. e4 Be6 16. b3 c6 17. f4 Bg7 18. g4 f6 19. Bh4 Bh6 20. Bg3 Rfd8 21. h4 Bf8
22. f5 Bf7 23. g5 gxf5 24. exf5 Re8 25. Bd6 Nd5 26. Nxd5 Bxd5 27. Bxf8 Rxe2 28.
Bb4 fxg5 29. Rd4 gxh4 30. Rxh4 Rae8 31. Rg4+ Kf7 32. Bc3 Rg8 33. Rxg8 Kxg8 34.
Re1 Rg2+ 35. Kf1 Rg3 36. Bd4 Rf3+ 37. Ke2 Rxf5 38. Bxa7 h5 39. Rg1+ Kf7 40. Rf1
Rxf1 41. Kxf1 h4 42. Bf2 h3 43. Kg1 Ke6 44. Kh2 Bg2 45. a4 Kd5 46. b4 Kc4 47.
Be1 b6 48. a5 bxa5 49. bxa5 Kb5 50. Kg3 c5 51. Kh2 c4 1/2-1/2

[Event "17th Unive Open 2013"]
[Site "Hoogeveen NED"]
[Date "2013.10.20"]
[Round "3.22"]
[White "Buckels, Valentin"]
[Black "Kerigan, Demre"]
[Result "0-1"]
[WhiteElo "2058"]
[BlackElo "2288"]
[WhiteFideId "12942766"]
[BlackFideId "6307841"]
[EventDate "2013.10.18"]

1. d4 g6 2. c4 Bg7 3. Nf3 d6 4. g3 Nf6 5. Bg2 O-O 6. O-O Nc6 7. Nc3 Bf5 8. Nh4
Bd7 9. e4 e5 10. d5 Ne7 11. h3 Ne8 12. f4 f5 13. exf5 Nxf5 14. Nxf5 Rxf5 15. Qd3
Rf8 16. Be3 Bf5 17. Qd2 h5 18. Rae1 Qd7 19. Kh2 exf4 20. Bxf4 Nf6 21. Bg5 Rae8
22. Rxe8 Rxe8 23. Re1 a6 24. Rxe8+ Qxe8 25. Qe3 Qxe3 26. Bxe3 Nd7 27. Bf1 Kf7
28. Be2 b6 29. g4 hxg4 30. hxg4 Bc2 31. Kg3 Ne5 32. Bd4 Bf6 33. Be3 Nd3 34. Ne4
Be5+ 35. Kh4 Nxb2 36. Ng5+ Ke7 37. Ne6 c5 38. Nc7 Kd7 39. Ne6 Na4 40. Bd2 Bf6+
41. g5 Bc3 42. Bf4 Be1+ 43. Kh3 Nc3 44. Bg4 Ke7 45. Nc7 Bd3 46. Nxa6 Bf1+ 47.
Kh2 Bxc4 48. Nb8 Bxd5 49. Nd7 b5 50. Nb6 Be6 51. Nc8+ Bxc8 52. Bxc8 Nxa2 53. Bb7
Nc3 54. Ba6 Nd5 55. Bc1 Nc7 56. Bb7 d5 57. Be3 d4 58. Bf4 Ne6 59. Bb8 d3 60. Ba7
b4 61. Bd5 Kd6 62. Bb3 d2 63. Bb8+ Nc7 64. Kg2 c4 65. Bd1 b3 66. Kf1 b2 67.
Bxc7+ Kxc7 68. Bc2 b1=Q 0-1

[Event "17th Unive Open 2013"]
[Site "Hoogeveen NED"]
[Date "2013.10.20"]
[Round "3.23"]
[White "Van Der Poel, Henk"]
[Black "Lopez, Jasel"]
[Result "1/2-1/2"]
[WhiteTitle "FM"]
[BlackTitle "CM"]
[WhiteElo "2246"]
[BlackElo "2130"]
[WhiteFideId "1002449"]
[BlackFideId "15900045"]
[EventDate "2013.10.18"]

1. e4 e6 2. d4 d5 3. Nc3 Bb4 4. e5 c5 5. a3 Bxc3+ 6. bxc3 Ne7 7. a4 Qa5 8. Bd2
c4 9. h4 Bd7 10. h5 h6 11. Qg4 Nf5 12. Ne2 Nc6 13. Qf4 O-O-O 14. g4 Nfe7 15. Qe3
Kb8 16. Bh3 Rde8 17. f4 f6 18. Bc1 Ka8 19. O-O Nc8 20. Ba3 Qd8 21. Kh2 Rhg8 22.
Ng3 Qc7 23. Qf3 Nd8 24. a5 Nf7 25. Qe3 Qd8 26. Rh1 Ne7 27. Bxe7 1/2-1/2

[Event "17th Unive Open 2013"]
[Site "Hoogeveen NED"]
[Date "2013.10.20"]
[Round "3.24"]
[White "Dijkhuis, Tycho"]
[Black "Algera, Symon"]
[Result "1-0"]
[WhiteElo "2219"]
[BlackElo "2108"]
[WhiteFideId "1036564"]
[BlackFideId "1004859"]
[EventDate "2013.10.18"]

1. e4 c6 2. d4 d5 3. e5 c5 4. dxc5 Nc6 5. a3 e6 6. Nf3 Bxc5 7. b4 Bb6 8. Bd3
Nge7 9. O-O Ng6 10. Re1 Bd7 11. Bb2 Nf4 12. Bf1 g5 13. Qd2 Rg8 14. c4 g4 15.
Qxf4 gxf3 16. Qxf3 dxc4 17. Nd2 Nd4 18. Bxd4 Bxd4 19. Rad1 Qh4 20. Nxc4 Rg7 21.
Re4 Bc6 22. Rxh4 Bxf3 23. Rdxd4 Ke7 24. Rhf4 Bd5 25. Ne3 1-0

[Event "17th Unive Open 2013"]
[Site "Hoogeveen NED"]
[Date "2013.10.20"]
[Round "3.27"]
[White "Gieben, Stijn"]
[Black "Martinello, Christian"]
[Result "1-0"]
[WhiteElo "2022"]
[BlackElo "2163"]
[WhiteFideId "1034170"]
[BlackFideId "821969"]
[EventDate "2013.10.18"]

1. e4 c5 2. Nf3 d6 3. d4 cxd4 4. Nxd4 Nf6 5. Nc3 a6 6. a4 e5 7. Nf3 Be7 8. Bc4
Be6 9. Qe2 Qc8 10. Bxe6 fxe6 11. O-O Nc6 12. Be3 O-O 13. Rfd1 h6 14. a5 Qe8 15.
Ra4 Rc8 16. Bb6 Qf7 17. Qd3 Nh5 18. Ne2 Qg6 19. Kf1 Nf4 20. Nxf4 Rxf4 21. Be3
Rf7 22. c4 Rcf8 23. Ng1 Bg5 24. Bb6 Qh5 25. f3 Qxh2 26. b4 Bd8 27. Be3 Bc7 28.
b5 axb5 29. cxb5 Nxa5 30. b6 Bxb6 31. Bxb6 Nc6 32. Qxd6 Qh1 33. Qxe6 Kh8 34. Qh3 1-0

[Event "17th Unive Open 2013"]
[Site "Hoogeveen NED"]
[Date "2013.10.20"]
[Round "3.28"]
[White "Knol, Geon"]
[Black "Ritsema, Ronald"]
[Result "0-1"]
[WhiteElo "2147"]
[BlackElo "2012"]
[WhiteFideId "1012142"]
[BlackFideId "1010409"]
[EventDate "2013.10.18"]

1. e4 e6 2. d4 d5 3. Bd3 dxe4 4. Bxe4 Nf6 5. Bf3 c5 6. c3 Nc6 7. Ne2 Be7 8. O-O
Qb6 9. Bf4 O-O 10. dxc5 Bxc5 11. b4 Be7 12. a4 a6 13. a5 Qb5 14. Na3 Qf5 15. Bc7
Ne5 16. Bxe5 Qxe5 17. Nc4 Qc7 18. Nb6 Rb8 19. Qb3 Bd7 20. c4 Rfd8 21. Rab1 Be8
22. b5 Bc5 23. Na4 Bd6 24. b6 Qc8 25. Rfd1 Bc6 26. Rbc1 Bxf3 27. Qxf3 Bb4 28.
Rxd8+ Qxd8 29. g3 h6 30. c5 Bxa5 31. Nac3 Bxc3 32. Nxc3 Qd4 33. Ne2 Qd5 34. Qa3
Rc8 35. Nf4 Qd4 36. Ne2 Qe4 37. Nf4 Nd7 38. Nd3 Qf3 39. Qa4 Qxd3 40. Rd1 Nxc5
41. Qg4 Qb5 42. h4 Qxb6 43. Qf4 Rd8 0-1

[Event "17th Unive Open 2013"]
[Site "Hoogeveen NED"]
[Date "2013.10.20"]
[Round "3.29"]
[White "Krasenkova, Ilena"]
[Black "Van Der Veen, Jan"]
[Result "1-0"]
[WhiteTitle "WIM"]
[WhiteElo "2133"]
[BlackElo "2056"]
[WhiteFideId "4119037"]
[BlackFideId "1005570"]
[EventDate "2013.10.18"]

1. d4 Nf6 2. c4 g6 3. Nc3 Bg7 4. e4 d6 5. f3 O-O 6. Be3 c5 7. dxc5 dxc5 8. Qxd8
Rxd8 9. Bxc5 Nc6 10. Ba3 a5 11. Nd5 Nxd5 12. cxd5 Nb4 13. Rc1 e6 14. Bc4 exd5
15. exd5 Nxd5 16. Bb5 Nb4 17. Ne2 Be6 18. O-O Bxa2 19. Rc7 b6 20. Rfc1 h5 21.
Nc3 Be6 22. Ne4 Be5 23. Rb7 Rac8 24. Rxc8 Rxc8 25. Nc3 Nc2 26. Be7 Bd4+ 27. Kh1
Ne3 28. Bg5 Nf5 29. Bf4 g5 30. Bc7 h4 31. Bd3 h3 32. g4 Ne3 33. Bxb6 Bxb6 34.
Rxb6 Nc4 35. Bxc4 Rxc4 36. Rb5 f6 1-0

[Event "17th Unive Open 2013"]
[Site "Hoogeveen NED"]
[Date "2013.10.20"]
[Round "3.30"]
[White "Hoffman, Ron"]
[Black "Vereggen, Lars"]
[Result "1-0"]
[WhiteElo "2055"]
[BlackElo "2121"]
[WhiteFideId "1007599"]
[BlackFideId "1029258"]
[EventDate "2013.10.18"]

1. d4 Nf6 2. c4 e6 3. g3 c5 4. Nf3 cxd4 5. Nxd4 Nc6 6. Bg2 d5 7. O-O Be7 8. Nc3
O-O 9. cxd5 exd5 10. h3 Nxd4 11. Qxd4 Be6 12. Rd1 Qa5 13. Be3 Rfd8 14. Rac1 b6
15. Qa4 Qxa4 16. Nxa4 Rd7 17. Nc3 Rad8 18. Nb5 d4 19. Rxd4 Bxa2 20. Ra4 Bd5 21.
Rxa7 Bxg2 22. Rxd7 Rxd7 23. Rc8+ Bf8 24. Kxg2 Nd5 25. Bd4 f6 26. e4 Ne7 27. Ra8
f5 28. Bxb6 fxe4 29. Bc5 Ng6 30. Nc3 e3 31. Bxe3 Rb7 32. Na4 Kf7 33. Ra7 1-0

[Event "17th Unive Open 2013"]
[Site "Hoogeveen NED"]
[Date "2013.10.20"]
[Round "3.32"]
[White "Hendriks, Richard"]
[Black "Kolodkin, Daniil"]
[Result "1/2-1/2"]
[WhiteElo "2104"]
[BlackElo "1981"]
[WhiteFideId "1006096"]
[BlackFideId "1039776"]
[EventDate "2013.10.18"]

1. e4 c5 2. Nf3 d6 3. d4 cxd4 4. Nxd4 Nf6 5. Nc3 a6 6. Bc4 e6 7. Bb3 Nbd7 8. f4
Nc5 9. f5 e5 10. Nde2 Nxb3 11. axb3 d5 12. Bg5 Bb4 13. O-O Bxc3 14. Nxc3 Qb6+
15. Kh1 Nxe4 16. Nxd5 Qc6 17. Bh4 b5 18. Qg4 Qxd5 19. Rad1 Nd2 20. Rf2 O-O 21.
Rfxd2 Qc6 22. Rd6 Qxc2 23. Bf6 g6 24. Qg5 Bb7 25. Rg1 h6 26. Qxh6 Bxg2+ 1/2-1/2

[Event "17th Unive Open 2013"]
[Site "Hoogeveen NED"]
[Date "2013.10.20"]
[Round "3.33"]
[White "Lecomte, Robin"]
[Black "Hovenga, Alje"]
[Result "1/2-1/2"]
[WhiteElo "2040"]
[BlackElo "2177"]
[WhiteFideId "1037170"]
[BlackFideId "1005812"]
[EventDate "2013.10.18"]

1. e4 Nc6 2. Nf3 d6 3. d4 Nf6 4. Nc3 g6 5. Bb5 a6 6. Bxc6+ bxc6 7. h3 Bg7 8. O-O
O-O 9. Re1 Rb8 10. Qe2 Nd7 11. e5 Nb6 12. Ne4 f5 13. Ng3 h6 14. c3 e6 15. b3 a5
16. Qc2 d5 17. a4 Ba6 18. Ne2 g5 19. Nh2 Qe8 20. f4 Qh5 21. Nf3 Bxe2 22. Qxe2
gxf4 23. Bxf4 Rf7 24. Qa6 Bf8 25. Reb1 Rg7 26. Kf1 Kh7 27. b4 Ra8 28. Qd3 Nc4
29. Kf2 Be7 30. g4 Qg6 31. Rg1 fxg4 32. Qxg6+ Rxg6 33. Rxg4 axb4 34. cxb4 Bxb4
35. Rag1 Rxg4 36. hxg4 Rxa4 37. Rh1 Bf8 38. Ng5+ Kg8 39. Nxe6 Nb2 40. Nxf8 Nd3+
41. Ke3 Nxf4 42. Kxf4 Kxf8 43. Rxh6 Rxd4+ 44. Kf5 Rc4 45. Rh7 Rc1 46. Kf6 Rf1+
47. Ke6 Rg1 48. Rf7+ Kg8 49. Rxc7 Rxg4 50. Rxc6 d4 51. Rc8+ Kg7 52. Rd8 Re4 53.
Rd5 Kf8 54. Kd7 Kf7 55. Kd6 Ke8 56. e6 d3 57. Rxd3 Re1 58. Rd4 Re2 59. Rd5 Re1
60. Rd2 Re3 61. Rd5 Re1 62. e7 Rxe7 63. Re5 Rxe5 64. Kxe5 1/2-1/2

[Event "17th Unive Open 2013"]
[Site "Hoogeveen NED"]
[Date "2013.10.20"]
[Round "3.34"]
[White "Hummel, Paul"]
[Black "Potze, Rudolf"]
[Result "0-1"]
[WhiteElo "2023"]
[BlackElo "2112"]
[WhiteFideId "1021168"]
[BlackFideId "1008501"]
[EventDate "2013.10.18"]

1. Nf3 g6 2. g3 Bg7 3. Bg2 e5 4. d3 d5 5. O-O Ne7 6. c4 c6 7. Nc3 O-O 8. e4 d4
9. Ne2 a5 10. Ne1 Na6 11. f4 f6 12. b3 Be6 13. h3 Qd7 14. Kh2 Kh8 15. Nf3 Bg8
16. a3 b5 17. Bd2 bxc4 18. bxc4 Nc5 19. Qc2 Qc7 20. Rab1 Rfb8 21. fxe5 fxe5 22.
Rxb8 Rxb8 23. Rb1 Rxb1 24. Qxb1 Nc8 25. Ne1 Nd6 26. h4 h6 27. Ng1 Qb7 28. Qxb7
Ndxb7 29. Bc1 Nb3 30. Bb2 N7c5 31. Ne2 Na4 32. Nc1 Nd2 33. Ba1 Bf8 34. Nc2 Be6
35. Nxd4 exd4 36. Bxd4+ Kg8 37. Be3 Nb1 38. e5 c5 39. Nb3 Nxa3 40. Bc6 Nb2 41.
Nxc5 Bxc5 42. Bxc5 Nc2 43. d4 Nxc4 44. d5 Nxe5 45. Bb7 Bd7 46. d6 Kf7 47. Bd5+
Kf6 48. Be4 Nb4 49. Kg2 Bc6 0-1

[Event "17th Unive Open 2013"]
[Site "Hoogeveen NED"]
[Date "2013.10.20"]
[Round "3.35"]
[White "Den Hartog, Marijn"]
[Black "Vos, Tjark"]
[Result "1-0"]
[WhiteElo "1998"]
[BlackElo "2097"]
[WhiteFideId "1046098"]
[BlackFideId "1020870"]
[EventDate "2013.10.18"]

1. e4 e6 2. Nf3 d5 3. e5 c5 4. b4 cxb4 5. d4 Nc6 6. a3 bxa3 7. Bd3 Bd7 8. O-O
Nh6 9. c3 f6 10. exf6 Qxf6 11. Ng5 g6 12. Qc2 Nf7 13. f4 Nxd4 14. cxd4 Qxd4+ 15.
Kh1 Qxa1 16. Nxf7 Kxf7 17. Qc7 Ke8 18. Re1 Qg7 19. Bb5 Bxb5 20. Rxe6+ Be7 21.
Bxa3 Kf8 22. Rxe7 1-0

[Event "17th Unive Open 2013"]
[Site "Hoogeveen NED"]
[Date "2013.10.20"]
[Round "3.36"]
[White "Henseler, Jorgen"]
[Black "Smeets, Pierre"]
[Result "1/2-1/2"]
[WhiteElo "2088"]
[BlackElo "2076"]
[WhiteFideId "1023233"]
[BlackFideId "1043820"]
[EventDate "2013.10.18"]

1. e4 e6 2. d4 d5 3. Nc3 Nf6 4. Bg5 Be7 5. e5 Nfd7 6. Bxe7 Qxe7 7. f4 a6 8. Nf3
c5 9. Qd2 Nc6 10. O-O-O b5 11. Rg1 cxd4 12. Nxd4 Nxd4 13. Qxd4 Qc5 14. Qxc5 Nxc5 1/2-1/2

[Event "17th Unive Open 2013"]
[Site "Hoogeveen NED"]
[Date "2013.10.20"]
[Round "3.37"]
[White "Bos, Robin"]
[Black "Stavast, Dick"]
[Result "1-0"]
[WhiteElo "1908"]
[BlackElo "2088"]
[WhiteFideId "1036548"]
[BlackFideId "1014005"]
[EventDate "2013.10.18"]

1. e4 e5 2. Nf3 d6 3. d4 exd4 4. Nxd4 Nf6 5. Nc3 Be7 6. g3 d5 7. e5 Ng4 8. Bg2
c6 9. O-O Nxe5 10. Re1 Ng6 11. h4 Na6 12. h5 Nf8 13. Bg5 f6 14. h6 Kf7 15. hxg7
Kxg7 16. Bf4 Bd6 17. Qh5 Bxf4 18. Re8 Qd6 19. Rxc8 1-0

[Event "17th Unive Open 2013"]
[Site "Hoogeveen NED"]
[Date "2013.10.20"]
[Round "3.38"]
[White "Slingerland, Caroline"]
[Black "Bakels, Anton"]
[Result "1/2-1/2"]
[WhiteTitle "WFM"]
[WhiteElo "2084"]
[BlackElo "2043"]
[WhiteFideId "1002732"]
[BlackFideId "1046187"]
[EventDate "2013.10.18"]

1. e4 c5 2. Nf3 d6 3. d4 cxd4 4. Nxd4 Nf6 5. f3 e5 6. Nb3 Be6 7. c4 Nbd7 8. Be3
Be7 9. Na3 O-O 10. Be2 Qb8 11. O-O Nc5 12. Nd2 a5 13. Nb5 Ne8 14. Nb1 f5 15.
exf5 Bxf5 16. N1c3 Nf6 17. Nd5 Nxd5 18. Qxd5+ Be6 19. Qd2 Bd7 20. Nc3 Bc6 21.
Nd5 Bf6 22. Rad1 e4 23. f4 Ra7 24. b3 b5 25. cxb5 Bxb5 26. Nxf6+ Rxf6 27. Qd5+
Raf7 28. Bxb5 Qxb5 29. Qa8+ Rf8 30. Qd5+ R8f7 1/2-1/2

[Event "17th Unive Open 2013"]
[Site "Hoogeveen NED"]
[Date "2013.10.21"]
[Round "4.1"]
[White "Moskalenko, Viktor1"]
[Black "Rodshtein, Maxim"]
[Result "1/2-1/2"]
[WhiteTitle "GM"]
[BlackTitle "GM"]
[WhiteElo "2520"]
[BlackElo "2664"]
[WhiteFideId "14100100"]
[BlackFideId "2806851"]
[EventDate "2013.10.18"]

1. d4 Nf6 2. c4 g6 3. Nc3 d5 4. cxd5 Nxd5 5. Bd2 Bg7 6. e4 Nxc3 7. Bxc3 O-O 8.
Nf3 Bg4 9. Be2 c5 10. d5 Bxc3+ 11. bxc3 Bxf3 12. Bxf3 Qd6 13. Rb1 b6 14. O-O Nd7
15. Re1 Qf6 16. Be2 Qxc3 17. Bb5 Rad8 18. Qa4 Nf6 19. Qxa7 Ra8 20. Qxe7 Rxa2 21.
Re3 Qd4 22. Rf1 Rb2 23. Rd3 Qxe4 24. Qxf6 Rxb5 25. Rdd1 Rb4 26. d6 Qh4 27. Qe5
Re4 28. Qd5 Rd4 29. Qc6 Rd8 30. Qxb6 Qf6 31. Qxc5 1/2-1/2